| 000 | 00763nam a2200217Ia 4500 | ||
|---|---|---|---|
| 003 | GCL | ||
| 008 | 140319s9999 xx 000 0 ara d | ||
| 020 | _a1366270977 | ||
| 040 |
_aGCL / _cGCL |
||
| 082 | 0 | 4 |
_aق _b380.1092 _bن ت |
| 100 | 1 | _aرؤوف عباس | |
| 245 | 1 | 0 |
_aتجار القاهرة فى العصر العثمانى : _bسيرة ابو طاقية شاهبندرالتجار / _cرؤوف عباس |
| 700 | 1 | _aنللى حنا | |
| 260 |
_aالقاهرة : _bالدار المصرية اللبنانية ، _c1997 |
||
| 300 |
_a271 ص: _bايض ,صور ؛ _c24 سم |
||
| 650 | 0 | 4 | _aالتجار |
| 650 | 0 | 4 | _aالتجارة فى مصر |
| 650 | 0 | 4 | _aالتجار - تراجم |
| 650 | 0 | 4 | _aاسماعيل ابوطاقية |
| 942 |
_2ddc _cBK |
||
| 999 |
_c52142 _d52142 |
||